000 00665nam a2200277Ia 4500
005 20260324115335.0
008 008 260324s9999 xx 000 0 eng d
020 _a9781351049221
037 _aEBOOK
040 _aCRL
040 _beng
040 _cCRL
041 _2eng
041 _aeng
084 _qCRL
100 _aStephan S. Jones; Frank M. Groom
_91153500
245 0 _aEnterprise Cloud Computing for Non-Engineers
260 _bTaylor and Francis
260 _c2018
365 _a
365 _b125
856 _uhttp://www.taylorfrancis.com/books/9781351049221
942 _cEBOOK
999 _c1745107
_d1745107